|
|
|
|
| LEADER |
01129nam a22002657a 4500 |
| 001 |
41029 |
| 003 |
BD-DhAAL |
| 005 |
20230329124752.0 |
| 008 |
230329t2022 bg a|||| ||| 001 0 eng d |
| 020 |
|
|
|a 9789845063722
|
| 040 |
|
|
|a BD-DhAAL
|d BD-DhAAL
|
| 082 |
|
|
|a 954.9205
|2 23
|
| 100 |
|
|
|a Ishrat Firdousi, Qurratul-Ain-Tahmina, Tanim Ahmed (Editors)
|9 53929
|
| 245 |
|
|
|a The murti boys :
|b the 61 of '71 first Bangladesh war course /
|c edited by Ishrat Firdousi, Qurratul-Ain-Tahmina, Tanim Ahmed.
|
| 260 |
|
|
|a Dhaka :
|b The University Press Limited (UPL),
|c 2022
|
| 300 |
|
|
|a xlii, 412 pages :
|b illustrations ;
|c 22 cm.
|
| 500 |
|
|
|a Includes Index.
|
| 526 |
|
|
|a AAL
|
| 541 |
|
|
|a The University Press Limited(UPL)
|e 41029
|
| 651 |
|
|
|a Bangladesh
|x Politics and government
|y 1971-
|
| 651 |
|
|
|a Bangladesh
|x History
|y Revolution, 1971.
|
| 852 |
|
|
|a Ayesha Abed Library
|c General Stacks
|
| 942 |
|
|
|2 ddc
|c BK
|
| 999 |
|
|
|c 45623
|d 45623
|
| 952 |
|
|
|0 0
|1 0
|2 ddc
|4 0
|6 954_920500000000000_MUR
|7 0
|9 73452
|a BRACUL
|b BRACUL
|c GEN
|d 2023-03-23
|e The University Press Limited(UPL)
|g 600.00
|l 0
|o 954.9205 MUR
|p 3010041029
|r 2023-03-23
|t 1
|v 800.00
|w 2023-03-23
|y BK
|